Communes affectées par l'aéroport de Bâle-Mulhouse sur une carte - Statistiques

Statistiques générales
  • Ce quiz a été pris 81 fois
    43 depuis la dernière actualisation
  • Le résultat moyen est 4 sur 8
Réponses sur la Carte
Les réponses sont colorées sur une échelle allant du rouge au vert en fonction du pourcentage des utilisateurs qui les ont devinées à leur premier essai. Vous pouvez retrouver ces pourcentages ci-dessous.
 
Statistiques - réponses
Commune % Correct
Saint-Louis
100%
Blotzheim
66%
Bartenheim
60%
Sierentz
57%
Hégenheim
51%
Hésingue
43%
Schlierbach
31%
Geispitzen
23%
Aucun quiz correspondant
Distribution des résultats
% des personnes avec chaque résultat
Percentile par nombre de réponses
Votre historique - résultats
Vous n’avez pas pris ce quiz depuis la dernière actualisation